000 00555nam a2200193Ia 4500
003 OSt
005 20250515160935.0
008 210210b1979 xxu||||| |||| 00| 0 eng d
040 _cAL
041 _aKannada
082 _aK894.1 MAGD
100 _aMAGI (B M).
_dಮಾಗಿ (ಬಿ ಎಂ)
_9210080
245 _aPanchatantrada ayda kategalu.
_b ಪಂಚತಂತ್ರದ ಆಯ್ದ ಕಥೆಗಳು
260 _aDharavada
_bSundara Prakashana
_c1979
300 _a48
690 _aKannada Poetry
_9210081
906 _a034505
942 _2ddc
_cBK
999 _c85168
_d85168